| 000 | 01698nam a2200313 a 4500 | ||
|---|---|---|---|
| 001 | BRCA_2416 | ||
| 005 | 20190320203810.0 | ||
| 008 | 131108s1755----ne-a---###---#000-0dspa-u | ||
| 041 | _aspa | ||
| 044 | _asp | ||
| 084 |
_a057 _b.A75 _c1755 |
||
| 100 | 1 |
_aCervantes Saavedra, Miguel de _d1547-1616 _9213 |
|
| 245 | 1 | 0 |
_aVida y hechos del Ingenioso Hidalgo Don Quixote de la Mancha _ccompuesto por Miguel de Cervantes Saavedra. |
| 260 |
_aAmsterdam : Lipsia (Alemania) _bArkste´e y Merkus _c1755 |
||
| 300 |
_a4 v. _bil. _c16 cm. |
||
| 500 | _aContenido : v 1. Primera parte. Retrato de Cervantes dibujado por Kent. Dedicatoria de Mayáns I Síscar al Barón de Carteret. Vida de Cervantes por Mayáns. Prólogo del autor. Versos preliminares. Texto. -- v 2. Texto. -- v 3. Segunda parte. Prólogo del autor. Texto. -- v 4. Texto | ||
| 500 | _aEdición: Con muy bellas estampas grabadas sobre los dibujos de Coypel | ||
| 500 | _aBonita y bien impresa edición, copia exacta de la que se imprimió en La Haya, en 1744 con las mismas láminas de Coypel. El retrato de Cervantes está dibujado por Kent, pero reducido. Semipiel; lomos adornados con filetes y florones dorados Lúdovik Osterc | ||
| 500 | _aQM44 | ||
| 650 | 1 | 4 |
_aNovela española _yÉpoca clásica, 1500-1700 _9215 |
| 650 | 1 | 4 |
_aLiteratura española _yÉpoca clásica, 1500-1700 _9216 |
| 650 | 1 | 4 |
_aNovela española _ySiglo XVII _9217 |
| 650 | 1 | 4 |
_aDon Quijote (Personaje ficticio) _eNovela _9218 |
| 700 | 1 |
_aMayáns I Síscar, Gregorio _d1699-1781 _eBiógrafo _97099 |
|
| 700 | 1 |
_aCoypel, Charles-Antoine _d1694-1752 _eIlustrador _97100 |
|
| 740 | 0 | _aEl Ingenioso Hidalgo Don Quijote de la Mancha | |
| 902 | _aQFM | ||
| 942 |
_2lcc _cB |
||
| 999 |
_c2157 _d2157 |
||